LEADER 01374nam a2200289 u 4500 001 000000024792 003 CaOOAMICUS 005 20070226111406.0 008 070226s1965 it u000 u ger u 035 $a10631027 040 $aPUL(R)$bita 100 1 $aSimon, Gabriel,$cSS.CC.$0(OLS)http://pul/name/20656 245 14$aDie Achse der Weltgeschichte nach Karl Jaspers /$cGabriel Simon. 260 $aRoma :$bLibreria editrice dell'Universitą Gregoriana,$c1965. 300 $axviii p., 1 f. 214 p. ;$c24 cm 490 1 $aAnalecta Gregoriana ;$v147 490 1 $aAnalecta Gregoriana., Series Facultatis Philosophiae.$aSectio B ;$v13 710 2 $aPontificia Universitą Gregoriana.$0(OLS)http://pul/name/147 830 0$aAnalecta Gregoriana ;$v147.$0(OLS)http://pul/title/183 830 0$aAnalecta Gregoriana.$pSeries Facultatis Philosophiae.$nSectio B ;$v13.$0(OLS)http://pul/title/3880 850 $aPUL 852 $aPUL$W1$xSL Religione 2$y84$mTheol A1 147$j34684$nBK-PRI$b $qStampati altre collocazioni$B34684$CPULBib$Z2$F34684 $H $81 910 $aPontificia Universitas Gregoriana$9147 941 1 $a10 961 $aINV: 56038 996 $6245$aDie Achse der Weltgeschichte nach Karl Jaspers$9(OLS)http://pul/title/34233 996 $6260$aRoma :$bLibreria editrice dell'Universitą Gregoriana$9(OLS)http://pul/publisher/47926 LEADER 01388nam a2200325 a 4500 001 000000168281 003 CaOOAMICUS 005 20180615093712.0 008 180615s2018 it u000 u ita r 020 $a978-88-01-06303-5* 032 $aLibriCat 040 $aPUL$bita 245 00$aNuova enciclopedia di bioetica e sessuologia /$ca cura di Giovanni Russo. 260 $aTorino :$bELLEDICI,$c©2018$a[S.l.] :$bVelar 300 $aXXXVI, 2331 p. ;$c25 cm. 490 1 $aLe nuove sfide dell'etica 500 $aTesto su due colonne. 504 $aInclude bibliografia alla fine dei capitoli. 650 4$aSessuologia.$0(OLS)http://pul/subject/1695 650 4$aBioetica$vEnciclopedie e dizionari.$0(OLS)http://pul/subject/5280 700 1 $aRusso, Giovanni,$d1963-$0(OLS)http://pul/name/1165 830 3$aLe nuove sfide dell'etica.$0(OLS)http://pul/title/66611 850 $aPUL 852 $aPUL$W1$xSL Cons. Gen., Altre Classi 1$y1$m1390 U 77$j191805$qStampati$B196166$CPULBib$Z2$F196166 $H130989 $81 941 1 $a8 996 $6020$a978-88-01-06303-5*$9(OLS)http://pul/number/164352 996 $6245$aNuova enciclopedia di bioetica e sessuologia$9(OLS)http://pul/title/208566 996 $6260$aTorino :$bELLEDICI$9(OLS)http://pul/publisher/79084 996 $6260$a[S.l.] :$bVelar$9(OLS)http://pul/publisher/86779